000 01227nam a22002297a 4500
008 120406t xxu||||| |||| 00| 0 eng d
020 _a9966-1532-7-2
082 _a340.059/BAK
100 _aBakibinga David
_cEquity and Trusts
_d2011
_96552
245 _aEquity and Trusts
_cBakibinga David
260 _aUganda
_bLaw Africa publishing house (U) Ltd
_c2011
300 _axxi,423p.
500 _a It has Tables and it is in chapters
600 _2Equit and Trusts
_aBakibinga David
_d2011
_96553
700 _aBakibinga David
_cEquity and Trusts
_d2011
_96554
942 _2ddc
_cBK
999 _c5080
_d5080